Koncepcia rozvoja energetiky

Bibliographic Details
Main Authors: Sestrienka, Bernard (Author), Petrašovičová, V. (Author)
Format: Article
Language:Slovak
ISSN:0862-9567
Subjects:

MARC

LEADER 00000nab a2200000 a 4500
001 vtls000513749
003 SK-MaSNL
005 20260303003847.0
008 140228c1994 xo 0 slo
015 |a SNBRB19rr/mm-uuuuu 
035 |a CL0513887 
040 |a SNKBUCL  |b slo  |c SNKBUCL  |e AACR2 
041 0 |a slo 
044 |a xo  |c SK 
080 |a 620.9(437.6)  |2 1981 
100 1 |a Sestrienka, Bernard  |4 aut  |9 942170 
245 1 0 |a Koncepcia rozvoja energetiky  |c Bernard Sestrienka, V. Petrašovičová 
650 0 7 |a hospodárstvo energetické  |2 snkbucl  |9 894130 
655 7 |a články z novín a časopisov  |2 snkbucl  |9 267496 
700 1 |a Petrašovičová, V.  |4 aut  |9 982216 
773 0 |t Hospodárske noviny  |g Č. 22 (2. 2. 1994), s. 5  |x 0862-9567 
850 |a Slovenská národná knižnica v Martine  |a MTA001 
852 |a SNK  |b KIS3GCP 
958 |a RK 
992 |a RBX 
999 |c 1574839  |d 1576769